01598nam a2200205Ia 4500008004100000020001500041050002000056100002900076240004500105245009700150250001200247260003300259300001900292336001000311337001400321338001200335500014600347505086200493650003701355120625s2003 mx 001 0 spa d a9681844386 4aQD15 bM34 20041 aMalone, Leo J.e, autor.10aBasic Concepts of chemistry.lEspañol.10aIntroducción a la química c/ Leo J. Malone ; colab. en la tr. Gerardo Martínez Villa. a2a. ed.3 aMéxico b: Limusac, 2003. a712 páginas. aTexto aSin medio aVolumen aTraducción de: Basic concepts of chemistry Incluye apéndices (pp. 532-676) Incluye glosario (pp. 615-627) Incluye índice (pp. 679-686) 1 aQuímica: materia, cambios y energía Mediciones en química El átomo, la estructura de la materia y las reacciones nucleares El arreglo de los electrones en el átomo La naturaleza periódica de los elementos La naturaleza del enlace químico La nomenclatura de los compuestos Relaciones cuantitativas: la mol Reacciones químicas: ecuaciones y cantidades El estado gaseoso de la materia Agua: los estados líquido y solido Soluciones acuosas Ácidos, bases y sales Reacciones de oxidación-reducción Cinética y equilibrio químico Introducción a la química orgánica Apéndices A. Matemáticas básicas B. Álgebra elemental C. Notación científica D. Resolución de problemas por el método del factor unitario (análisis dimensional) E. Logaritmos F. gráficas G. Calculadoras H. Glosario I. Respuestas a los problemas14aQUÍMICAxESTUDIO Y ENSEÑANZA